[Event "Porto Sant Elpidio op 4th"]
[Site "Porto Sant Elpidio"]
[Date "2001.11.02"]
[Round "3"]
[White "Forani, Sandro"]
[Black "Antei, Fabrizio"]
[Result "0-1"]
[WhiteElo "1446"]
[BlackElo "1564"]
[PlyCount "76"]
[EventDate "2001.11.01"]
[EventType "swiss"]
[EventRounds "6"]
[EventCountry "ITA"]
[SourceTitle "EXT 2024"]
[Source "ChessBase"]
[SourceDate "2023.10.10"]
[SourceVersion "1"]
[SourceVersionDate "2023.10.10"]
[SourceQuality "1"]

1. e4 c5 2. Nf3 e6 3. d4 cxd4 4. Nxd4 Nc6 5. Nxc6 bxc6 6. Nc3 Bb4 7. Bd2 d6 8. a3 Ba5 9. Be2 Nf6 10. 0-0 0-0 11. f4 Bxc3 12. Bxc3 Nxe4 13. Bxg7 Kxg7 14. Qd4+ Nf6 15. Rf3 Rg8 16. Rd1 Qb6 17. Qxb6 axb6 18. Rxd6 Bb7 19. f5 Rgd8 20. Rg3+ Kf8 21. Rgd3 Rxd6 22. Rxd6 Ke7 23. Rd4 e5 24. Rd3 Rg8 25. h3 c5 26. g4 Nh5 27. Re3 f6 28. Kh2 Nf4 29. Bf3 Bxf3 30. Rxf3 Rd8 31. Rf2 h6 32. Kg3 c4 33. h4 b5 34. Rh2 Rd4 35. g5 fxg5 36. hxg5 hxg5 37. Kg4 Kf6 38. Rh6+ Ng6+ 0-1